000 00382nam a2200157Ia 4500
008 210716s2010 xx 000 0 und d
020 _a9788126526468
041 _aeng
082 _a004.602 REDJ
100 _aRedding, Jacob.
245 _aBeginning drupal.
250 _a1
260 _aNew Delhi
_bWiley India Pvt Ltd
_c2010
300 _axxv,453
650 _aPHP Programming
999 _c190970
_d190970